Miejscowości gminy Nowa Wieś Wielka - Statystyki

Ogólne statystyki
  • Ten quiz został rozwiązany 3 razy
  • Średni wynik to 8 z 18
Statystyki odpowiedzi
Odpowiedź % Poprawnych
Brzoza
100%
Chmielniki
67%
Dziemionna
67%
Januszkowo
67%
Nowa Wieś Wielka
67%
Prądocin
67%
Tarkowo Dolne
67%
Dąbrowa Wielka
33%
Dobromierz
33%
Emilianowo
33%
Jakubowo
33%
Kobylarnia
33%
Kolankowo
33%
Leszyce
33%
Nowa Wioska
33%
Olimpin
33%
Piecki
33%
Nowe Smolno
0%
Nie znaleziono quizów pasujących do podanych kryteriów
Rozkład punktacji
Procent ludzi z każdym wynikiem
Percentyl według liczby udzielonych odpowiedzi
Twoja historia wyników
Nie rozwiązałeś tego quizu